| 000 | 00323nam a22001337a 4500 | ||
|---|---|---|---|
| 003 | SGT | ||
| 082 |
_a617.6342 _bM26N |
||
| 100 | _aNair, Meera | ||
| 245 | _aManagement of non- carious cervical lesions | ||
| 260 |
_aGurugram _bSGTU _c2026 |
||
| 300 | _a57 | ||
| 653 | _aConservative dentistry & Endodontics | ||
| 942 |
_2ddc _cTH |
||
| 999 |
_c34612 _d34612 |
||